Alle Cheftrainer der 1, 2 & 3. Fußball-Bundesliga - Statistiken

Allgemein
  • Dieses Quiz wurde 259 mal gespielt
    67 seit der letzten Aktualisierung
  • Das Durchschnittsergebnis liegt bei 27 aus 56
Antwortstatistiken
Hint Antwort % Korrekt
FC Bayern München Vincent Kompany
100%
Borussia Dortmund Niko Kovac
97%
Eintracht Frankfurt Dino Toppmöller
90%
SC Freiburg Julian Schuster
90%
RB Leipzig Ole Werner
90%
VfB Stuttgart Sebastian Hoeneß
90%
1. FC Heidenheim Frank Schmidt
88%
1. FC Union Berlin Steffen Baumgart
88%
Bayer 04 Leverkusen Erik ten Hag
86%
1. FC Köln Lukas Kwasniok
83%
VfL Bochum Dieter Hecking
81%
Hamburger SV Merlin Polzin
81%
1. FC Nürnberg Miroslav Klose
81%
Borussia Mönchengladbach Gerardo Seoane
79%
Hannover 96 Christian Titz
78%
1. FSV Mainz 05 Bo Henriksen
76%
FC St. Pauli Alexander Blessin
74%
Werder Bremen Horst Steffen
74%
FC Augsburg Sandro Wagner
74%
SV Elversberg Vincent Wagner
74%
TSG 1899 Hoffenheim Christian Ilzer
72%
Fortuna Düsseldorf Daniel Thioune
72%
Holstein Kiel Marcel Rapp
67%
Hertha BSC Stefan Leitl
66%
1. FC Kaiserslautern Torsten Lieberknecht
62%
FC Schalke 04 Miron Muslic
60%
Karlsruher SC Christian Eichner
59%
Arminia Bielefeld Michél Kniat
59%
SV Darmstadt 98 Florian Kohfeldt
53%
Energie Cottbus Claus-Dieter Wollitz
50%
Eintracht Braunschweig Heiner Backhaus
43%
VfL Wolfsburg Paul Simonis
40%
Preußen Münster Alexander Ende
31%
SpVgg Greuther Fürth Thomas Kleine
31%
Dynamo Dresden Thomas Stamm
31%
FC Ingolstadt 04 Sabrina Wittmann
28%
Rot-Weiss Essen Uwe Koschinat
22%
SC Paderborn 07 Ralf Kettemann
21%
1. FC Saarbrücken Alois Schwartz
16%
1. FC Magdeburg Markus Fiedler
16%
SSV Ulm 1846 Robert Lechleiter
16%
MSV Duisburg Dietmar Hirsch
14%
Erzgebirge Aue Jens Härtel
14%
Hansa Rostock Daniel Brinkmann
12%
SSV Jahn Regensburg Michael Wimmer
12%
TSV 1860 München Patrick Glöckner
12%
SV Wehen Wiesbaden Nils Döring
9%
VfB Stuttgart II Nico Willig
7%
TSV Havelse Samir Ferchichi
7%
Alemannia Aachen Benedetto Muzzicato
5%
SV Waldhof Mannheim Dominik Glawogger
5%
VfL Osnabrück Timo Schultz
5%
SC Verl Tobias Strobl
5%
FC Viktoria Köln Marian Wilhelm
3%
TSG 1899 Hoffenheim II Stefan Kleineheismann
2%
1. FC Schweinfurt 05 Victor Kleinhenz
0%
Keine übereinstimmenden Quizze gefunden
Verteilung der Resultate
Anzahl Personen mit jedem Resultat
Perzentil nach korrekt beantworteten Fragen
Ihre Resultats-Entwicklung
Sie haben dieses Quiz seit der letzten Aktualisierung nicht gespielt